000 00719cam a22001935a 4500
001 L155088
008 120228e20122511xxk 000 0 eng d
035 _a(Sirsi) u155088
041 0 _aeng
100 1 _aFordham, Peter
245 0 0 _aCost update
_bQ4 2011
260 _c2012
490 _aBuilding
_v277(8716) 24 February 2012, 50-52(3)
520 _aQuarterly analysis of construction costs and prices based on Davis Langdon's indices, looks at key changes; price adjustment formulae for construction contracts; materials, executive summary, key indicators; labour market statistics and wage agreements.
590 _aKA
651 4 _aUnited Kingdom
_y
690 _aConstruction management
_96230
942 _n0
999 _c83810
_d83810